[Event "Knighthood Blitz"]
[Site "Vishy Anand Arena"]
[Date "2020.08.01"]
[Round "5"]
[White "Pranav104"]
[Black "Leorider5143"]
[Result "0-1"]
[WhiteElo "1107"]
[BlackElo "1538"]
[Annotator "NA"]
[PlyCount "54"]
[EventDate "2020.08.01"]
[EventType "swiss (blitz)"]

1. e4 c5 2. Bd3 Nc6 3. Bc4 e6 4. Nh3 Nf6 5. d3 d5 6. exd5 exd5 7. Bb3 Be7 8. Qf3 h6 9. O-O O-O 10. Re1 Re8 11. Bf4 b6 12. Qe2 Bb7 13. d4 c4 14. Ba4 Rc8 15. Bxc6 Bxc6 16. b3 cxb3 17. cxb3 Bd7 18. Qd3 Ne4 19. Na3 Bc6 20. f3 Ng5 21. Bxg5 Bxg5 22. Nxg5 Qxg5 23. Rxe8+ Rxe8 24. Rd1 Re3 25. Qd2 Qe7 26. Re1 Rxe1+ 27. Qxe1 Qxe1# 0-1

[Event "Knighthood Blitz"]
[Site "Vishy Anand Arena"]
[Date "2020.08.01"]
[Round "5"]
[White "Maiuddhavhoon"]
[Black "Mandy64theking"]
[Result "0-1"]
[WhiteElo "1058"]
[BlackElo "1667"]
[Annotator "NA"]
[PlyCount "30"]
[EventDate "2020.08.01"]
[EventType "swiss (blitz)"]

1. e4 c6 2. Nc3 d5 3. exd5 cxd5 4. g3 Bf5 5. Bg2 Nc6 6. Nge2 Nf6 7. O-O e6 8. d4 Bd6 9. Bg5 h6 10. Bxf6 Qxf6 11. f4 O-O 12. Bf3 a6 13. g4 Bh7 14. Ng3 Qxf4 15. Nh5 Qxh2# 0-1

[Event "Knighthood Blitz"]
[Site "Vishy Anand Arena"]
[Date "2020.08.01"]
[Round "6"]
[White "Dust Tornado"]
[Black "Nihalsarin"]
[Result "1/2-1/2"]
[WhiteElo "2798"]
[BlackElo "2525"]
[Annotator "TA"]
[PlyCount "68"]
[EventDate "2020.08.01"]
[EventType "swiss (blitz)"]

1. e4 c5 2. c3 Nf6 3. e5 Nd5 4. d4 cxd4 5. cxd4 d6 6. Nf3 Nc6 7. Bc4 dxe5 8. Bxd5 Qxd5 9. Nc3 Qd6 10. d5 Nd4 11. Nxd4 exd4 12. Qxd4 e5 13. Qe4 Be7 14. O-O O-O 15. Re1 f5 16. Qxe5 Qxe5 17. Rxe5 Bd6 18. Re1 Bd7 19. Be3 b5 20. a3 a5 21. Ne2 f4 22. Bd4 Rf5 23. Nc3 Rc8 24. Rad1 b4 25. axb4 axb4 26. Ne4 Rxd5 27. Nxd6 Rxd6 28. Be5 Rxd1 29. Rxd1 Ba4 30. Ra1 Rd8 31. Bxf4 Rd1+ 32. Rxd1 Bxd1 33. Bd2 b3 34. Bc3 Kf7 1/2-1/2

[Event "Knighthood Blitz"]
[Site "Vishy Anand Arena"]
[Date "2020.08.01"]
[Round "6"]
[White "FedoseevVladimir"]
[Black "Superind2002"]
[Result "1-0"]
[WhiteElo "2691"]
[BlackElo "2246"]
[Annotator "NA"]
[PlyCount "131"]
[EventDate "2020.08.01"]
[EventType "swiss (blitz)"]

1. e4 e5 2. Nf3 Nc6 3. d4 exd4 4. Nxd4 Nf6 5. Nxc6 bxc6 6. Bd3 Qe7 7. O-O g6 8. c4 d6 9. c5 Bg7 10. cxd6 cxd6 11. Nc3 O-O 12. Re1 Re8 13. Qc2 d5 14. Bf4 Nh5 15. Bd2 d4 16. Na4 Be5 17. g3 Rb8 18. Rac1 Bh3 19. f4 Bd6 20. a3 Qd7 21. Qxc6 Rec8 22. Qxd7 Bxd7 23. Rxc8+ Rxc8 24. b3 Bxa3 25. Ra1 Bf8 26. Nb2 Rb8 27. Bc4 Bc5 28. Nd3 Bb6 29. Kg2 Be6 30. Bxe6 fxe6 31. Rc1 Nf6 32. Kf3 Ne8 33. Rc6 Kf7 34. Ne5+ Kg7 35. Rxe6 Bc5 36. b4 Bf8 37. Nd7 Rc8 38. Nxf8 Kxf8 39. Ke2 Kf7 40. Ra6 Rc7 41. Kd3 Nf6 42. h3 Re7 43. e5 Nd5 44. Rd6 Nc7 45. Rxd4 g5 46. Ke4 gxf4 47. gxf4 Nb5 48. Rd5 a6 49. f5 Rc7 50. e6+ Kf6 51. Kf3 Rc4 52. Be3 Rxb4 53. e7 Nc7 54. Ra5 Ne8 55. Rxa6+ Kxf5 56. Ra8 Nf6 57. e8=Q Nxe8 58. Rxe8 h5 59. Rg8 Kf6 60. Rg5 h4 61. Rg4 Rb3 62. Rxh4 Kg6 63. Rg4+ Kh5 64. Re4 Rb5 65. Re6 Ra5 66. Rh6# 1-0

[Event "Knighthood Blitz"]
[Site "Vishy Anand Arena"]
[Date "2020.08.01"]
[Round "6"]
[White "kutiktau"]
[Black "Maksim Chigaev"]
[Result "0-1"]
[WhiteElo "2686"]
[BlackElo "2564"]
[Annotator "TA"]
[PlyCount "96"]
[EventDate "2020.08.01"]
[EventType "swiss (blitz)"]

1. Nf3 Nf6 2. g3 g6 3. b3 Bg7 4. Bb2 O-O 5. Bg2 b6 6. c4 Bb7 7. d4 c5 8. O-O cxd4 9. Qxd4 d6 10. Rd1 Nbd7 11. Nc3 Rc8 12. Rac1 Re8 13. Qd2 Nc5 14. Qc2 Ncd7 15. Qb1 Rc5 16. Ne1 Qa8 17. Bxb7 Qxb7 18. Nd3 Rcc8 19. Nb4 a6 20. Ncd5 b5 21. cxb5 axb5 22. Rxc8 Qxc8 23. Rc1 Qb7 24. Rc7 Qa8 25. Bxf6 Nxf6 26. Nxe7+ Kh8 27. Qd3 h5 28. Ned5 Nxd5 29. Nxd5 Qxa2 30. Rxf7 Qxe2 31. Qxe2 Rxe2 32. Nf4 Rb2 33. Nxg6+ Kg8 34. Rb7 Bd4 35. Ne7+ Kf8 36. Nf5 Bxf2+ 37. Kf1 Bc5 38. Nh4 Rxb3 39. Ng6+ Ke8 40. Nf4 h4 41. Kg2 hxg3 42. hxg3 b4 43. g4 Rb1 44. Kf3 Rf1+ 45. Ke4 Re1+ 46. Kf5 Kd8 47. g5 Kc8 48. Rb5 Re5+ 0-1

[Event "Knighthood Blitz"]
[Site "Vishy Anand Arena"]
[Date "2020.08.01"]
[Round "6"]
[White "DusanPopovic"]
[Black "Johncking"]
[Result "1-0"]
[WhiteElo "2478"]
[BlackElo "2325"]
[Annotator "TA"]
[PlyCount "143"]
[EventDate "2020.08.01"]
[EventType "swiss (blitz)"]

1. e4 c5 2. Nf3 d6 3. d4 cxd4 4. Nxd4 Nf6 5. Nc3 a6 6. Be3 Ng4 7. Bc1 Nf6 8. Be2 e5 9. Nf3 Be7 10. Bg5 Be6 11. Bxf6 Bxf6 12. Nd5 O-O 13. Bc4 Be7 14. O-O Nd7 15. Qe2 Rc8 16. Rfd1 Nb6 17. Nxb6 Qxb6 18. Bb3 Rc7 19. Nd2 Rfc8 20. c3 h6 21. Rab1 Bg5 22. Bxe6 fxe6 23. Nf3 Be7 24. h4 Qb5 25. Qxb5 axb5 26. a3 Kf7 27. Kf1 Rc4 28. Re1 Bf6 29. Rbd1 R4c6 30. g3 Ke7 31. Ke2 g6 32. Rd3 Bg7 33. Red1 Ra6 34. Ne1 Bf8 35. Nc2 Kf7 36. Ne3 Ra4 37. f3 Rc6 38. Rh1 Be7 39. h5 g5 40. Ng4 Bf8 41. Rhd1 Ra8 42. Kd2 Ke7 43. Kc2 Bg7 44. Kb3 Rf8 45. Kb4 Rb6 46. Ka5 Rc6 47. Kxb5 Ra8 48. a4 Bf8 49. b4 Rac8 50. Rc1 b6 51. Ne3 Kd7 52. Nd1 Kc7 53. Ra1 Be7 54. a5 bxa5 55. Rxa5 Rb8+ 56. Ka4 Rb7 57. Kb3 Kb8 58. Ne3 Rc8 59. Ng4 Bf8 60. Rd1 Rbc7 61. Rd3 Rb7 62. Rd1 Rf7 63. Rb5+ Kc7 64. Rd3 Rb8 65. Ra5 Kc8 66. c4 Rfb7 67. b5 Kc7 68. Ra6 Be7 69. Rd1 d5 70. exd5 Bc5 71. Nxe5 exd5 72. Rc6+ 1-0

[Event "Knighthood Blitz"]
[Site "Vishy Anand Arena"]
[Date "2020.08.01"]
[Round "6"]
[White "Visakh"]
[Black "EvilGenius"]
[Result "1/2-1/2"]
[WhiteElo "2476"]
[BlackElo "2707"]
[Annotator "TA"]
[PlyCount "60"]
[EventDate "2020.08.01"]
[EventType "swiss (blitz)"]

1. d4 Nf6 2. c4 e6 3. Nf3 Bb4+ 4. Bd2 a5 5. g3 d5 6. Bg2 O-O 7. O-O dxc4 8. Qc2 Bxd2 9. Nbxd2 b5 10. a4 c6 11. b3 cxb3 12. Nxb3 Ba6 13. Ne5 bxa4 14. Nc5 Bb5 15. Rfd1 Nd5 16. Nxa4 Na6 17. Nxc6 Qc7 18. Rdc1 Rfc8 19. e4 Qxc6 20. Qxc6 Rxc6 21. Rxc6 Bxc6 22. exd5 Bxd5 23. Bxd5 exd5 24. Nb6 Rd8 25. Rxa5 Nc7 26. Kf1 Ne6 27. Ra4 g6 28. Ra5 Nxd4 29. Rxd5 Rxd5 30. Nxd5 Kg7 1/2-1/2

[Event "Knighthood Blitz"]
[Site "Vishy Anand Arena"]
[Date "2020.08.01"]
[Round "6"]
[White "Diptayan"]
[Black "Oligarkh"]
[Result "0-1"]
[WhiteElo "2475"]
[BlackElo "2672"]
[Annotator "TA"]
[PlyCount "118"]
[EventDate "2020.08.01"]
[EventType "swiss (blitz)"]

1. d4 c6 2. c4 d5 3. Nc3 Nf6 4. e3 g6 5. Nf3 Bg7 6. Be2 O-O 7. O-O a6 8. a4 a5 9. cxd5 Nxd5 10. Nxd5 cxd5 11. b3 Nc6 12. Bb2 Bg4 13. Rc1 e6 14. h3 Bxf3 15. Bxf3 Qb6 16. Be2 Rfc8 17. Bc3 Bf8 18. Bb5 Na7 19. Qd3 Bb4 20. Bxb4 axb4 21. h4 Kg7 22. g3 Nxb5 23. axb5 Rc7 24. Rxc7 Qxc7 25. Qd2 Qc3 26. Qxc3 bxc3 27. Rc1 Rc8 28. Kf1 c2 29. Ke2 Rc3 30. b4 Rc4 31. Kd3 Rxb4 32. Rxc2 Rb3+ 33. Ke2 Rxb5 34. Rc7 Rb2+ 35. Kf3 h5 36. Rd7 b5 37. Rb7 b4 38. Kg2 b3 39. Kf3 Rb1 40. Kg2 b2 41. Kf3 Kf8 42. Rb8+ Ke7 43. Rb7+ Kd6 44. Rb6+ Kc7 45. Rb3 f6 46. Rb5 e5 47. Kg2 e4 48. Rb3 Kd6 49. Rb6+ Ke7 50. Rb7+ Ke6 51. Rb6+ Kf5 52. Rb5 Kg4 53. Rb8 g5 54. hxg5 fxg5 55. Rb7 h4 56. gxh4 gxh4 57. Rg7+ Kf5 58. Rb7 h3+ 59. Kh2 Kg4 0-1

[Event "Knighthood Blitz"]
[Site "Vishy Anand Arena"]
[Date "2020.08.01"]
[Round "6"]
[White "Alanp"]
[Black "Gamechanger"]
[Result "1-0"]
[WhiteElo "2459"]
[BlackElo "2140"]
[Annotator "TA"]
[PlyCount "129"]
[EventDate "2020.08.01"]
[EventType "swiss (blitz)"]

1. e4 c6 2. Nf3 d5 3. d3 dxe4 4. dxe4 Qxd1+ 5. Kxd1 Bg4 6. Be2 Nd7 7. a4 e5 8. Nfd2 Bxe2+ 9. Kxe2 a6 10. c3 Bc5 11. Nb3 Ba7 12. N1d2 O-O-O 13. Nc4 Kc7 14. Rd1 Ne7 15. Bg5 f6 16. Be3 Bxe3 17. Kxe3 Nc8 18. a5 Nb8 19. Nc5 Rxd1 20. Rxd1 Re8 21. g3 Re7 22. f4 exf4+ 23. gxf4 Nd7 24. Na4 Nf8 25. Nab6 Ne6 26. Nd6 Nxd6 27. Na8+ Kb8 28. Nb6 Nc8 29. f5 Nc7 30. Rd8 Re8 31. Rd7 Nxb6 32. axb6 Nb5 33. Rxg7 Nd6 34. Rxh7 Nxe4 35. Kf4 Nd6 36. h4 Nc4 37. h5 Nxb6 38. h6 Nd5+ 39. Kg3 Ka7 40. Rg7 Ne3 41. Kf4 Nd5+ 42. Kg3 Re3+ 43. Kh4 Re2 44. Rg3 Rxb2 45. h7 Nf4 46. Rh3 Nxh3 47. h8=Q Ng5 48. Qxf6 Ne4 49. Qd4+ c5 50. Qxe4 a5 51. f6 b6 52. f7 Rf2 53. f8=Q Ka6 54. Qee7 Rxf8 55. Qxf8 Kb5 56. Qf7 a4 57. Kg3 Ka5 58. Kf2 b5 59. Qa2 b4 60. cxb4+ cxb4 61. Qd5+ Kb6 62. Ke3 a3 63. Kd4 Ka6 64. Qb3 a2 65. Kc4 1-0

[Event "Knighthood Blitz"]
[Site "Vishy Anand Arena"]
[Date "2020.08.01"]
[Round "6"]
[White "STRANGE"]
[Black "terryr"]
[Result "0-1"]
[WhiteElo "2444"]
[BlackElo "2548"]
[Annotator "TA"]
[PlyCount "168"]
[EventDate "2020.08.01"]
[EventType "swiss (blitz)"]

1. d4 e6 2. Bf4 Nf6 3. e3 b6 4. Nd2 Bb7 5. Ngf3 Bd6 6. Bxd6 cxd6 7. Be2 d5 8. O-O Nc6 9. c3 O-O 10. a4 a6 11. Qb3 Rc8 12. Qa3 Qe7 13. Qxe7 Nxe7 14. Nb3 Rc7 15. Rfc1 Rfc8 16. Nfd2 Nf5 17. a5 b5 18. Nc5 d6 19. Nd3 Ne7 20. Nb4 Nc6 21. Nb3 Kf8 22. Nxc6 Rxc6 23. f3 Nd7 24. Bd3 R6c7 25. Kf2 g6 26. h4 h6 27. Ke2 Ke7 28. Kd2 e5 29. Rc2 Nb8 30. f4 exf4 31. exf4 Nc6 32. Re1+ Kf6 33. g4 Kg7 34. Kd1 b4 35. cxb4 Nxb4 36. Rxc7 Rxc7 37. Kd2 Nxd3 38. Kxd3 Bc6 39. Rc1 Bb5+ 40. Kd2 Rb7 41. Rc3 Ba4 42. Nc1 Rxb2+ 43. Ke3 Bb5 44. Nd3 Rh2 45. Nb4 Rxh4 46. Nxd5 Rxg4 47. Rc7 Rg3+ 48. Kf2 Ra3 49. Nc3 Rxa5 50. Ne4 Ra2+ 51. Kg1 Ra1+ 52. Kh2 Rd1 53. Nxd6 Rxd4 54. Rxf7+ Kg8 55. Rf6 Bd3 56. Ne8 Rd8 57. Nc7 a5 58. Rb6 Rd7 59. Ne6 Bf5 60. Nc5 Ra7 61. Rb8+ Kg7 62. Na4 Bd7 63. Nc5 a4 64. Nxd7 Rxd7 65. Ra8 Rd4 66. Kg3 h5 67. Ra5 Kh6 68. f5 gxf5 69. Rxf5 Kg6 70. Ra5 Rg4+ 71. Kh3 Kh6 72. Ra6+ Kg5 73. Ra5+ Kg6 74. Ra6+ Kf7 75. Ra5 Rb4 76. Rxh5 Ke6 77. Ra5 Kd6 78. Kg3 Kc6 79. Kf3 Kb6 80. Ra8 Kb7 81. Ra5 Kb6 82. Ra8 Rb3+ 83. Ke2 Ra3 84. Kd2 Kb7 0-1

[Event "Knighthood Blitz"]
[Site "Vishy Anand Arena"]
[Date "2020.08.01"]
[Round "6"]
[White "Hitter1999"]
[Black "Indian-Lion"]
[Result "0-1"]
[WhiteElo "2440"]
[BlackElo "2443"]
[Annotator "NA"]
[PlyCount "44"]
[EventDate "2020.08.01"]
[EventType "swiss (blitz)"]

1. d4 d5 2. Nf3 Nf6 3. c4 e6 4. Nc3 c6 5. Qd3 dxc4 6. Qxc4 b5 7. Qd3 a6 8. g3 c5 9. Bg2 Bb7 10. O-O cxd4 11. Nxd4 Bxg2 12. Kxg2 Nbd7 13. Bg5 Bc5 14. Rfd1 O-O 15. Qf3 Qb6 16. Nc6 Rac8 17. Bxf6 Nxf6 18. Ne5 Bd4 19. Qf4 Bxc3 20. bxc3 Nd5 21. Qd4 Qb7 22. Qe4 Ne3+ 0-1

[Event "Knighthood Blitz"]
[Site "Vishy Anand Arena"]
[Date "2020.08.01"]
[Round "6"]
[White "Babysnake"]
[Black "Phoenix92"]
[Result "1-0"]
[WhiteElo "2438"]
[BlackElo "2506"]
[Annotator "NA"]
[PlyCount "121"]
[EventDate "2020.08.01"]
[EventType "swiss (blitz)"]

1. d4 Nf6 2. c4 g6 3. g3 Bg7 4. Bg2 O-O 5. Nc3 d6 6. Nf3 Nbd7 7. O-O e5 8. h3 c6 9. e4 a6 10. a4 Re8 11. a5 exd4 12. Nxd4 Nc5 13. Re1 h5 14. Bg5 Ne6 15. Be3 Nc5 16. Qc2 h4 17. g4 Bxg4 18. hxg4 Nxg4 19. b4 Nxe3 20. fxe3 Ne6 21. Rad1 Qg5 22. Nf3 Qg3 23. Ne2 Qg4 24. Kh2 h3 25. Bh1 Ng5 26. Nxg5 Be5+ 27. Nf4 Bxf4+ 28. exf4 Qxf4+ 29. Kxh3 Qxg5 30. Qc3 Re5 31. Kh2 Kg7 32. Bg2 Rh8+ 33. Kg1 Qh4 34. Rxd6 Qh2+ 35. Kf1 Qf4+ 36. Kg1 Rhh5 37. Qf3 Qh4 38. Rf1 Qh2+ 39. Kf2 Re8 40. Qf6+ Kg8 41. Rd8 Rxd8 42. Qxd8+ Kg7 43. Qd4+ Kg8 44. Qf6 Rh3 45. Rd1 Qg3+ 46. Kf1 Rh1+ 47. Bxh1 Qh3+ 48. Bg2 Qc8 49. Rd8+ Qxd8 50. Qxd8+ Kg7 51. Qc7 g5 52. Qxb7 Kg6 53. Qxa6 g4 54. Qxc6+ Kg5 55. Qd5+ f5 56. Qxf5+ Kh4 57. Qf6+ Kg3 58. Qf2+ Kh2 59. Bf3+ Kh3 60. Qg2+ Kh4 61. Qxg4# 1-0

[Event "Knighthood Blitz"]
[Site "Vishy Anand Arena"]
[Date "2020.08.01"]
[Round "6"]
[White "Devil1234"]
[Black "Gk06"]
[Result "0-1"]
[WhiteElo "2431"]
[BlackElo "2436"]
[Annotator "NA"]
[PlyCount "70"]
[EventDate "2020.08.01"]
[EventType "swiss (blitz)"]

1. d4 Nf6 2. Bf4 d5 3. e3 e6 4. Nf3 Bd6 5. Bd3 c5 6. c3 Qc7 7. Bxd6 Qxd6 8. Ne5 Nc6 9. f4 O-O 10. O-O Ne7 11. Nd2 b6 12. g4 Bb7 13. g5 Ne4 14. Qc2 f5 15. gxf6 gxf6 16. Nef3 Nf5 17. Rae1 cxd4 18. Nxd4 Nxd4 19. exd4 f5 20. Kh1 Kh8 21. Qc1 Rf6 22. Nf3 Rg8 23. Ne5 Qe7 24. Qe3 Rh6 25. Rg1 Rxh2+ 26. Kxh2 Qh4+ 27. Qh3 Qxf4+ 28. Rg3 Rxg3 29. Nf7+ Kg7 30. Rg1 Rxg1+ 31. Kxg1 Qf2+ 32. Kh1 Ng3+ 33. Qxg3+ Qxg3 34. Ne5 f4 35. Be2 Qe1+ 0-1

[Event "Knighthood Blitz"]
[Site "Vishy Anand Arena"]
[Date "2020.08.01"]
[Round "6"]
[White "CREATOR 1198"]
[Black "Uzbektiger95"]
[Result "0-1"]
[WhiteElo "2430"]
[BlackElo "2400"]
[Annotator "NA"]
[PlyCount "114"]
[EventDate "2020.08.01"]
[EventType "swiss (blitz)"]

1. d4 Nf6 2. c4 c5 3. d5 e5 4. Nc3 d6 5. e4 Nbd7 6. Nf3 a6 7. a4 Be7 8. Be2 O-O 9. O-O Ne8 10. Ne1 g6 11. Nd3 Ng7 12. b4 cxb4 13. Nxb4 f5 14. f3 Bg5 15. Nd3 Nh5 16. f4 Nxf4 17. Nxf4 Bxf4 18. Bxf4 exf4 19. exf5 Rxf5 20. Bg4 Rf8 21. Be6+ Kg7 22. Qd4+ Ne5 23. Rxf4 Rxf4 24. Qxf4 Bxe6 25. dxe6 Qb6+ 26. Kh1 Rf8 27. Qh4 Qb2 28. Qe7+ Kg8 29. Rd1 Qxc3 30. Qxd6 Qxc4 31. h3 Nc6 32. Qd7 Rf1+ 33. Rxf1 Qxf1+ 34. Kh2 Qf4+ 35. Kh1 Qf8 36. Qxb7 Ne7 37. Qxa6 Qf6 38. a5 Kg7 39. Qb6 Qa1+ 40. Kh2 Qe5+ 41. Kh1 Nf5 42. a6 Qe1+ 43. Kh2 Qe5+ 44. Kh1 Ng3+ 45. Kg1 Qe1+ 46. Kh2 Nf1+ 47. Kg1 Ne3+ 48. Kh2 Qf2 49. Qd4+ Kh6 50. Qe4 Nf1+ 51. Kh1 Ng3+ 52. Kh2 Nxe4 53. e7 Nf6 54. e8=Q Nxe8 55. a7 Qf4+ 56. g3 Qa4 57. Kg2 Qa2+ 0-1

[Event "Knighthood Blitz"]
[Site "Vishy Anand Arena"]
[Date "2020.08.01"]
[Round "6"]
[White "LAXMAN"]
[Black "Aradhya"]
[Result "1-0"]
[WhiteElo "2428"]
[BlackElo "2264"]
[PlyCount "139"]
[EventDate "2020.08.01"]
[EventType "swiss (blitz)"]

1. d4 d5 2. Nf3 Nf6 3. Bf4 c5 4. c3 Nc6 5. e3 Qb6 6. Qb3 c4 7. Qc2 Bf5 8. Qc1 Nh5 9. Nbd2 Nxf4 10. exf4 Qc7 11. g3 h6 12. Bg2 e6 13. O-O Be7 14. Re1 O-O 15. Nf1 b5 16. Ne3 Bg6 17. Ne5 Nxe5 18. fxe5 b4 19. f4 bxc3 20. bxc3 Bd3 21. f5 Bg5 22. f6 gxf6 23. h4 Bxe3+ 24. Qxe3 fxe5 25. Qxh6 f6 26. dxe5 Qg7 27. Qxg7+ Kxg7 28. exf6+ Rxf6 29. Bf1 Bxf1 30. Rxf1 Rb8 31. Rxf6 Kxf6 32. Rf1+ Kg6 33. g4 Rb2 34. g5 Kh5 35. Rf6 Kxh4 36. g6 Rb7 37. Rxe6 Kg5 38. Kf2 Kf5 39. Ra6 Rg7 40. Ke3 Ke5 41. a4 Re7 42. Ra5 Rg7 43. Ra6 Re7 44. Rc6 Rg7 45. a5 Re7 46. Kf3 Kf5 47. Rc5 Kxg6 48. Rxd5 Rc7 49. Ke4 Kf6 50. Rd6+ Ke7 51. Kd5 Rb7 52. Ra6 Rc7 53. Rc6 Rb7 54. a6 Rb5+ 55. Kxc4 Ra5 56. Rc7+ Kd6 57. Rxa7 Kc6 58. Rh7 Ra4+ 59. Kb3 Ra1 60. a7 Kc5 61. Rh5+ Kb6 62. Rh7 Kc5 63. Kc2 Kb6 64. Kd3 Ra5 65. Kd4 Rxa7 66. Rxa7 Kxa7 67. Kd5 Kb7 68. Kd6 Kc8 69. Kc6 Kd8 70. Kb7 1-0

[Event "Knighthood Blitz"]
[Site "Vishy Anand Arena"]
[Date "2020.08.01"]
[Round "6"]
[White "J2d"]
[Black "Gak_chess"]
[Result "1-0"]
[WhiteElo "2409"]
[BlackElo "2317"]
[Annotator "TA"]
[PlyCount "139"]
[EventDate "2020.08.01"]
[EventType "swiss (blitz)"]

1. Nf3 d5 2. b3 Nf6 3. Bb2 g6 4. e3 Bg7 5. Be2 O-O 6. O-O c5 7. d4 cxd4 8. exd4 Nc6 9. c4 Bg4 10. c5 Ne4 11. a3 Nxc5 12. b4 Bxf3 13. Bxf3 Ne6 14. Nc3 Nexd4 15. Bxd5 e6 16. Ba2 Qh4 17. Re1 Rfd8 18. Rc1 Ne5 19. Nd5 Nef3+ 20. gxf3 exd5 21. Bxd4 Bxd4 22. Qd2 Rd7 23. Rcd1 Bb6 24. Kg2 Rad8 25. h3 Bc7 26. Re2 Bf4 27. Qd3 Qg5+ 28. Kh1 Qh5 29. Kg2 d4 30. Re4 Qg5+ 31. Kf1 Qh4 32. Ke2 Re7 33. Qc4 Kg7 34. Rdxd4 Rxe4+ 35. fxe4 Rxd4 36. Qxd4+ Kh6 37. Qd3 Qf6 38. Bd5 b6 39. Kf3 Be5+ 40. Kg2 Qg5+ 41. Kf1 f6 42. Qf3 Qc1+ 43. Kg2 Kg7 44. Qg4 h5 45. Qd7+ Kh6 46. Qe8 h4 47. Qh8+ Kg5 48. Qd8 Qf4 49. Qd7 Qh2+ 50. Kf1 Qh1+ 51. Ke2 Qg2 52. Qe6 Bd4 53. e5 Qxf2+ 54. Kd3 Qe3+ 55. Kc4 Bxe5 56. Qg4+ Kh6 57. Qxh4+ Kg7 58. Kb5 Qd3+ 59. Qc4 Qxh3 60. Ka6 g5 61. Kxa7 g4 62. Kxb6 g3 63. a4 g2 64. Bxg2 Qxg2 65. a5 Qf2+ 66. Qc5 Bd4 67. a6 Bxc5+ 68. bxc5 Qb2+ 69. Ka5 Qa3+ 70. Kb6 1-0

[Event "Knighthood Blitz"]
[Site "Vishy Anand Arena"]
[Date "2020.08.01"]
[Round "6"]
[White "GM Abadi"]
[Black "Arjunkalyan"]
[Result "1-0"]
[WhiteElo "2405"]
[BlackElo "2300"]
[Annotator "TA"]
[PlyCount "133"]
[EventDate "2020.08.01"]
[EventType "swiss (blitz)"]

1. d4 d5 2. Nf3 Nf6 3. Bf4 c5 4. e3 Nc6 5. Nbd2 cxd4 6. exd4 Qb6 7. Nb3 Bg4 8. c3 e6 9. h3 Bh5 10. Be2 Be7 11. O-O O-O 12. Re1 Ne4 13. Nfd2 Bxe2 14. Rxe2 Nxd2 15. Qxd2 Na5 16. Nxa5 Qxa5 17. Rae1 b5 18. a3 Qb6 19. Re3 Rae8 20. Rg3 f6 21. Qe2 Bd6 22. Qg4 Rf7 23. Rge3 Bxf4 24. Qxf4 Rfe7 25. h4 a5 26. h5 h6 27. Rg3 Kf8 28. Qg4 b4 29. cxb4 axb4 30. axb4 Qxb4 31. Rxe6 Qxb2 32. Rxf6+ Kg8 33. Rg6 Qb7 34. Rxh6 Re1+ 35. Kh2 R8e4 36. Qg5 Qd7 37. Rg6 Re7 38. h6 R1e6 39. Rxg7+ Rxg7 40. Qxg7+ Qxg7 41. Rxg7+ Kh8 42. Rg5 Rxh6+ 43. Kg3 Rd6 44. Kf4 Rf6+ 45. Rf5 Rd6 46. Ke5 Rg6 47. g3 Kg7 48. Kxd5 Ra6 49. Ke4 Kg6 50. f4 Ra1 51. Rg5+ Kf6 52. Rb5 Re1+ 53. Kf3 Rf1+ 54. Kg4 Rd1 55. Rb6+ Kf7 56. Kf5 Rxd4 57. Rb7+ Kg8 58. g4 Rd5+ 59. Kg6 Rd6+ 60. Kg5 Ra6 61. f5 Rc6 62. f6 Kf8 63. Kg6 Rc8 64. Rh7 Kg8 65. f7+ Kf8 66. Rh8+ Ke7 67. Rxc8 1-0

[Event "Knighthood Blitz"]
[Site "Vishy Anand Arena"]
[Date "2020.08.01"]
[Round "6"]
[White "Pranav_vip"]
[Black "Narayanansl"]
[Result "0-1"]
[WhiteElo "2401"]
[BlackElo "2631"]
[Annotator "TA"]
[PlyCount "64"]
[EventDate "2020.08.01"]
[EventType "swiss (blitz)"]

1. e4 e5 2. Nf3 Nc6 3. Bb5 a6 4. Ba4 f5 5. d3 fxe4 6. dxe4 Nf6 7. Nc3 d6 8. O-O Be7 9. Qd3 O-O 10. h3 Kh8 11. Bb3 Na5 12. Bd5 c6 13. Bb3 Nxb3 14. axb3 Nh5 15. Rd1 Be6 16. Qe2 Qe8 17. Ng5 Bg8 18. Qg4 h6 19. Nf3 Nf4 20. Nh4 Be6 21. Qg3 Bxh4 22. Qxh4 d5 23. Bxf4 Rxf4 24. Qg3 d4 25. Na4 Qe7 26. c3 Raf8 27. cxd4 exd4 28. Rd2 b5 29. Nb6 Qb7 30. Qg6 R4f6 31. Qg3 Qxb6 32. e5 Rf4 0-1

[Event "Knighthood Blitz"]
[Site "Vishy Anand Arena"]
[Date "2020.08.01"]
[Round "6"]
[White "Debashisdas"]
[Black "DarkKnight8750"]
[Result "1-0"]
[WhiteElo "2392"]
[BlackElo "1983"]
[Annotator "NA"]
[PlyCount "117"]
[EventDate "2020.08.01"]
[EventType "swiss (blitz)"]

1. d4 Nf6 2. c4 g6 3. f3 Bg7 4. e4 d6 5. Nc3 O-O 6. Nge2 Nc6 7. Be3 e5 8. d5 Ne7 9. Qd2 c6 10. dxc6 bxc6 11. O-O-O Be6 12. Qxd6 Qxd6 13. Rxd6 Bxc4 14. Ng3 Bxf1 15. Rxf1 Rfd8 16. Rxd8+ Rxd8 17. Rd1 Rxd1+ 18. Kxd1 a6 19. Na4 Nd7 20. Kc2 f5 21. Nf1 Kf7 22. Nd2 Ke6 23. Kd3 Bf8 24. Nc4 Nc8 25. Na5 Kd6 26. Kc4 Kc7 27. Kd3 Ncb6 28. Nxb6 Nxb6 29. Bxb6+ Kxb6 30. Nc4+ Kc7 31. exf5 gxf5 32. Nxe5 Bg7 33. Nc4 Kd7 34. b3 Ke6 35. Ne3 Be5 36. h3 h5 37. g4 hxg4 38. hxg4 fxg4 39. fxg4 Bc7 40. Ke4 Bb6 41. Nc4 Bc7 42. Nd2 Kf6 43. Nf3 Ke6 44. Kd4 Bb6+ 45. Kc4 Kf6 46. a4 a5 47. Nd4 c5 48. Nc6 Kg5 49. Kb5 Bc7 50. Nxa5 Kxg4 51. Nb7 c4 52. bxc4 Kf5 53. a5 Ke6 54. a6 Bb8 55. Kb6 Ke5 56. a7 Bxa7+ 57. Kxa7 Kd4 58. c5 Kd5 59. Kb6 1-0

[Event "Knighthood Blitz"]
[Site "Vishy Anand Arena"]
[Date "2020.08.01"]
[Round "6"]
[White "RACEKING"]
[Black "V-Bernadskiy"]
[Result "0-1"]
[WhiteElo "2380"]
[BlackElo "2541"]
[Annotator "TA"]
[PlyCount "154"]
[EventDate "2020.08.01"]
[EventType "swiss (blitz)"]

1. c4 Nf6 2. Nc3 e5 3. Nf3 Nc6 4. e3 g6 5. d4 exd4 6. exd4 d6 7. d5 Ne7 8. Bd3 Bg7 9. O-O O-O 10. Re1 Bf5 11. h3 Bxd3 12. Qxd3 Re8 13. Nd4 c5 14. dxc6 Nxc6 15. Rxe8+ Qxe8 16. Be3 Rc8 17. b3 d5 18. Nxc6 bxc6 19. Rd1 dxc4 20. Qxc4 Qe7 21. Bc5 Qb7 22. Re1 Nd5 23. Ne4 Re8 24. Rd1 Qd7 25. Qd3 Qf5 26. f3 Nf4 27. Qd8 Qe5 28. Qd7 Nd5 29. Bd6 Qe6 30. Qxe6 Rxe6 31. Bc5 f5 32. Ng3 h5 33. Kf1 h4 34. Ne2 Bh6 35. Rd3 Kf7 36. Nd4 Ne3+ 37. Kf2 Re5 38. Bxa7 Ra5 39. Nxc6 Rxa2+ 40. Kg1 Rxg2+ 41. Kh1 Re2 42. Ne5+ Ke6 43. Nxg6 Re1+ 44. Kh2 Re2+ 45. Kh1 Kf6 46. f4 Re1+ 47. Kh2 Re2+ 48. Kh1 Nf1 49. Kg1 Ng3 50. Nxh4 Re1+ 51. Kg2 Ne4 52. Rd6+ Kg7 53. Bd4+ Kf7 54. Nxf5 Re2+ 55. Kf3 Nd2+ 56. Kxe2 Bxf4 57. Nh6+ Ke8 58. Be3 Ke7 59. Re6+ Kxe6 60. Bxf4 Nxb3 61. Bd2 Nd4+ 62. Kf2 Nc6 63. Ng4 Nd8 64. Be3 Kf5 65. Kg3 Ne6 66. Nf2 Nc5 67. Nd3 Nd7 68. Kf3 Nf6 69. Nf4 Nd7 70. Bf2 Ne5+ 71. Kg3 Nf7 72. Ng2 Nd6 73. Nh4+ Ke4 74. Kg4 Nc4 75. Nf3 Nd2 76. Kg3 Nf1+ 77. Kg2 Ne3+ 0-1

[Event "Knighthood Blitz"]
[Site "Vishy Anand Arena"]
[Date "2020.08.01"]
[Round "6"]
[White "Samudragupta"]
[Black "Rishila"]
[Result "1-0"]
[WhiteElo "2380"]
[BlackElo "1868"]
[Annotator "TA"]
[PlyCount "89"]
[EventDate "2020.08.01"]
[EventType "swiss (blitz)"]

1. d4 Nf6 2. Bf4 g6 3. e3 Bg7 4. Nf3 d6 5. Be2 O-O 6. O-O Nbd7 7. h3 Re8 8. Bh2 b6 9. a4 Bb7 10. a5 a6 11. axb6 cxb6 12. Nbd2 b5 13. Nb3 Ne4 14. Na5 Bd5 15. c3 Nb6 16. Nd2 Nxd2 17. Qxd2 Na4 18. b3 Qxa5 19. bxa4 bxa4 20. Qc2 Rec8 21. c4 Qc7 22. Rxa4 Bc6 23. Ra2 a5 24. Qd1 a4 25. c5 Bd5 26. Ra3 Qd7 27. cxd6 exd6 28. Bf3 Bxf3 29. Qxf3 Bf8 30. Qd5 Qe6 31. Qb5 Rcb8 32. Qc6 Rc8 33. Qb5 Rcb8 34. Qe2 Rb3 35. Qa2 Rxa3 36. Qxa3 d5 37. Qa2 Qc6 38. Rb1 Qc4 39. Qa1 a3 40. Rc1 Qb3 41. Rb1 Qc4 42. Be5 Qa4 43. Rc1 a2 44. e4 dxe4 45. d5 1-0

[Event "Knighthood Blitz"]
[Site "Vishy Anand Arena"]
[Date "2020.08.01"]
[Round "6"]
[White "Vignesh nr"]
[Black "Harishankkar"]
[Result "1-0"]
[WhiteElo "2364"]
[BlackElo "2151"]
[PlyCount "117"]
[EventDate "2020.08.01"]
[EventType "swiss (blitz)"]

1. e4 c5 2. Nf3 e6 3. d4 cxd4 4. Nxd4 a6 5. Nc3 Qc7 6. Bd3 Nf6 7. O-O Be7 8. f4 d6 9. Kh1 Nbd7 10. a4 O-O 11. Qe2 Nc5 12. e5 dxe5 13. fxe5 Nxd3 14. exf6 Nxc1 15. Qg4 Bxf6 16. Rxf6 Kh8 17. Rf1 e5 18. Qg3 Qe7 19. Nf5 Bxf5 20. Rxf5 Qb4 21. Rxc1 Qxb2 22. Rff1 Rac8 23. Nd5 f6 24. c4 Qa2 25. Qc3 Rcd8 26. Rc2 Qxa4 27. Nb6 Qc6 28. Nd5 b5 29. Nb4 Qxc4 30. Qxc4 bxc4 31. Nxa6 Rd4 32. Rfc1 Rc8 33. Kg1 h6 34. Nb4 Kh7 35. Na2 f5 36. Nc3 e4 37. Ne2 Rd3 38. Rxc4 Rxc4 39. Rxc4 Rd2 40. Kf2 f4 41. Rxe4 g5 42. Re6 Ra2 43. h3 Rb2 44. Kf3 Rb1 45. Nd4 Rf1+ 46. Kg4 Rf2 47. Kh5 Rxg2 48. Rxh6+ Kg7 49. Rg6+ Kf7 50. Rxg5 Rh2 51. Kg4 Kf6 52. Nf3 Rh1 53. h4 Ke6 54. Rg6+ Kf7 55. Kxf4 Kf8 56. Rg4 Kf7 57. Rg1 Kf6 58. Rxh1 Kg6 59. h5+ 1-0